01181nam a2200277 a 450000100060000000300090000600800410001502000150005604000280007108200160009910000420011524500410015726000300019830000100022849000550023859000470029365000490034065000220038965000270041165000260043894200120046499900170047695201510049395201300064495201290077419471CO-ViMGA141112s2004 ck r 000 u spa d a9507243917 aCO-ViMGAbspacCO-ViMGA04a361.2 A484a1 aAguilar Ibañez, María Jose92806710aLa Acción social a nivel municipal aBuenos Aires; Lumen; 1994 a225 p aColección Política, Servicios y Trabajo Social aForma de adquisición : Premio Mincultura14aBIENESTAR SOCIAL Y GOBIERNO MUNICIPAL92806814aPolítica SOCIAL14aSERVICIO SOCIAL92806914aTRABAJO SOCIAL928070 2ddccBK c28612d28612 00102ddc40708002aMEVIECARbMEVIECARd2015-12-04hVolumen. 1 | 11/jun/2009l0o361.2 A484a p19471r2015-12-04 00:00:00tEj. 1w2015-12-04yBK 00102ddc40708GENaMEBAUPIAbMEBAUPIAcGENd2023-11-02l0o361.2 A38apBUP01370r2023-11-02 22:20:30tEj.1w2023-11-02yBK 00102ddc40708GENaMECUMARAbMECUMARAcGENd2024-05-27l0o361.2A38apCUM00228r2024-05-27 20:36:26tEj.1w2024-05-27yBK